000 00290nam a22001337a 4500
008 180925b xxu||||| |||| 00| 0 eng d
020 _a9781568362915
041 _aeng
080 _a070
100 _a40
101 _aMED
245 _aIn Our Own Words
_cCarroll.,A
942 _2udc
_cBK
999 _c48447
_d48447